Informe de prácticas profesional supervisada realizada en el ministerio de educación, consistente en el diagnóstico de infraestructura escolar del municipio de Estelí y anteproyecto de reparación y ampliación del Instituto Francisco Luis Espinoza, período del 2009 - 2010
Presenta diagnóstico de infraestructura escolar del municipio de Estelí, realizando levantamiento físico, topográfico, geodésico y de ficha, además de la digitación de los planos de conjunto de estos que evidencia las condiciones físicas y sus limitantes, ya sea en cobertura, como en infraes...
| Main Author: | |
|---|---|
| Other Authors: | |
| Format: | Tesis Section = Libro |
| Language: | Undetermined Spanish |
| Published: |
Managua
UNI
2010
|
| Subjects: |
| LEADER | 01326nam a2200241Ia 4500 | ||
|---|---|---|---|
| 008 | 240830s9999 xx 000 0 und d | ||
| 040 | |a BIBLIOTECA-RUSB/ Mon 727.1 A283 | ||
| 041 | |a spa | ||
| 082 | |a Mon 727.1 A283 | ||
| 100 | 1 | |a Aguilar Arroyo, Berna Isabel | |
| 245 | 1 | 0 | |a Informe de prácticas profesional supervisada realizada en el ministerio de educación, consistente en el diagnóstico de infraestructura escolar del municipio de Estelí y anteproyecto de reparación y ampliación del Instituto Francisco Luis Espinoza, período del 2009 - 2010 |
| 260 | |a Managua |b UNI |c 2010 | ||
| 300 | |a 568 p. :il. | ||
| 500 | |a Contiene: anexos. | ||
| 502 | |a Tesis (Arquitecto) - UNI, 2010. | ||
| 520 | 3 | |a Presenta diagnóstico de infraestructura escolar del municipio de Estelí, realizando levantamiento físico, topográfico, geodésico y de ficha, además de la digitación de los planos de conjunto de estos que evidencia las condiciones físicas y sus limitantes, ya sea en cobertura, como en infraestructura. | |
| 650 | 7 | |a DIAGNÓSTICO DE ESCUELAS PRIMARIAS - ESTELÍ | |
| 650 | 7 | |b DIAGNÓSTICO - INFRAESTRUCTURA ESCOLAR - ESTELÍ | |
| 650 | 7 | |c MANTENIMIENTO DE INFRAESTRUCTURA ESCOLAR | |
| 700 | 1 | |a Tutor: |b Hernández Hidalgo, Heimdall Verónica | |
| 942 | |c BK |2 ddc | ||
| 991 | |a TESIS | ||
| 999 | |c 21371 | ||